LEADER 00960nam a2200265 a 4500 001 000000141701 003 CaOOAMICUS 005 20150210103540.0 008 150210s2006 it u000 u ita r 020 $z88-389-2131-X* 040 $aPUL$bita 100 1 $aCamilleri, Andrea,$d1925-$0(OLS)http://pul/name/62356 245 13$aLe ali della sfinge /$cAndrea Camilleri. 250 $a11. ed. 260 $aPalermo :$bSellerio,$cİ2006. 300 $a265 p. ;$c18 cm 490 1 $aLa memoria ;$v694 830 3$aLa Memoria (Sellerio) ;$v694.$0(OLS)http://pul/title/76373 850 $aPUL 852 $aPUL$W1$xDP1 Fondo Capitani$y116$m9 A 52$j44578$qFondi$B163526$CPULBib$Z2$F163526 $HCap968 $82 941 1 $a1 996 $6020$z88-389-2131-X*$9(OLS)http://pul/number/156915 996 $6245$aLe ali della sfinge$9(OLS)http://pul/title/179345 996 $6260$aPalermo :$bSellerio$9(OLS)http://pul/publisher/66919 LEADER 01006nam a2200229 u 4500 001 000000107319 003 CaOOAMICUS 005 20071003124808.0 008 071003s1985 it u000 u ita u 040 $aPUL$bita$dLDB 100 1 $aTettamanzi, Dionigi,$ccardinale,$d1934-2017.$0(OLS)http://pul/name/30831 245 10$aCustodi e servitori della vita :$bproblemi medico-morali /$cDionigi Tettamanzi. 260 $aBrezzo di Bedero (VA) :$bSALCOM,$c1985. 300 $a616 p. ;$c21 cm 504 $aBibliografia in nota. 650 4$aEtica cristiana.$0(OLS)http://pul/subject/1395 650 14$aMedicina$xAspetti religiosi.$0(OLS)http://pul/subject/6741 850 $aPUL 852 $aPUL$W1$xSL Religione 1$y3$m38 C 46$j121957$qStampati$B120945$CPULBib$Z2$F120945 $H70033 $82 941 1 $a8 996 $6245$aCustodi e servitori della vita :$bproblemi medico-morali$9(OLS)http://pul/title/135140 996 $6260$aBrezzo di Bedero (VA) :$bSALCOM$9(OLS)http://pul/publisher/66588